00495 a2200169 450000100060000002000060000604000220001210000290003424000380006324500330010130000070013436200090014165000350015094200070018595201160019299900170030859489 a  cAnchieta - Pituba aSansanovicz, Neuza Bilia10aThe eighth grade competitionlIng10aThe eighth grade competition a160 a2005 4aLiteratura juvenil em inglês cBK 00104070a91.1b91.1d2023-11-21l0oLJ 028.573 A926e AUN EIGp10674/PITr2023-11-21 18:27:28w2023-11-21yBK c59489d59489